000 00973nam a2200277Ia 4500
003 OSt
005 20220928123920.0
006 a|||||r|||| 00| 0
007 ta
008 220927b |||||||| |||| 00| 0 eng d
020 _c4215.6840000000002
024 _a110609
037 _b221, 05/01/2011, Pioneer Book Distributors
_cTextual
040 _aSDCL
_cSDCL
_beng
041 _2eng
_aeng
082 _aX:54:434'P, Q0
100 _aCook Jonathan A Ed.
_9462210
245 0 _aVulnerable places, vulnerable people
_b Trade liberalization, rural poverty and the environment.
260 _aCheltenham
_bEdward Elgar
_c2010
300 _axv,220p.
_ccm.
650 _aBusiness Economics
_9391653
700 _a Cylke Owen Ed.
_9462211
700 _a Larson Donald F Ed.
_9462212
942 _hX:54:434'P, Q0
_cTEXL
_2CC
999 _c775212
_d775212